000 00349nam a22001457a 4500
003 SGT
082 _a617
_bC23H
100 _aHURRIA, NAMAN
245 _aA comparative study of laparoscopic appendectomy vs open appendectomy
260 _aGURUGRAM
_bSGT UNIVERSITY
_c2023
300 _a102
650 _aSURGERY
653 _aM.S
942 _2ddc
_cTH
999 _c26524
_d26524